<?xml version="1.0" encoding="UTF-8"?>
<collection xmlns="http://www.loc.gov/MARC21/slim">
 <record>
  <leader>00450cam a2200133 7i4500</leader>
  <controlfield tag="001">0000016525</controlfield>
  <controlfield tag="005">20140623090000.0</controlfield>
  <datafield tag="020" ind1="#" ind2="0">
   <subfield code="a">9839340077 </subfield>
  </datafield>
  <datafield tag="090" ind1="0" ind2="0">
   <subfield code="a">HF 1594.6 </subfield>
   <subfield code="b">S571</subfield>
  </datafield>
  <datafield tag="100" ind1="1" ind2="#">
   <subfield code="a">Sieh-Lee, Mei Ling </subfield>
  </datafield>
  <datafield tag="245" ind1="1" ind2="0">
   <subfield code="a">Taking on the world : </subfield>
   <subfield code="b">globalization strategies in &#13;
malaysia  </subfield>
   <subfield code="c">Sieh Lee Mei Ling.</subfield>
  </datafield>
  <datafield tag="260" ind1="#" ind2="#">
   <subfield code="a">M'sia: </subfield>
   <subfield code="b">McGraw Hill, </subfield>
   <subfield code="c">2000.</subfield>
  </datafield>
  <datafield tag="590" ind1="#" ind2="#">
   <subfield code="a">Pusat Pengajian Perniagaan dan Pengurusan Maritim</subfield>
  </datafield>
  <datafield tag="999" ind1=" " ind2=" ">
   <subfield code="a">1000403964</subfield>
   <subfield code="b">Book</subfield>
   <subfield code="c">Open Shelf</subfield>
   <subfield code="e">KOLEKSI TERBUKA</subfield>
  </datafield>
 </record>
</collection>
